|
|
|
|
| LEADER |
02168nam a22003857a 4500 |
| 001 |
42184 |
| 003 |
BD-DhAAL |
| 005 |
20241006101913.0 |
| 008 |
240205t2023 bg ||||| b||| 00| 0 ben d |
| 020 |
|
|
|a 9789879722366
|
| 040 |
|
|
|a BD-DhAAL
|d BD-DhAAL
|
| 041 |
|
|
|a ben
|
| 082 |
|
|
|a 305.42095492
|2 23
|
| 245 |
|
|
|a বাঙালির নারীচিন্তা.
|n চতুর্থ খণ্ড / /
|c সম্পাদক, আকিমুন রহমান ; গ্রন্থমালা সম্পাদক, আবদুল্লাহ আবু সায়ীদ.
|
| 246 |
|
|
|a Bangalir chintamulok rochona shongroho :
|b naari [choturtho khondo]
|
| 246 |
|
|
|a A collection of Bengali thoughts :
|b women [volume : 4]
|
| 264 |
|
|
|a ঢাকা :
|b বিশ্বসাহিত্য কেন্দ্র,
|c ২০২৩.
|
| 300 |
|
|
|a ২৬৯ পৃষ্ঠা ;
|c ২২ সে.মি
|
| 362 |
|
|
|a Vol. 4
|
| 490 |
|
|
|a বাঙালির চিন্তামূলক রচনা সংগ্রহ ;
|v ৪৬
|
| 490 |
|
|
|a বিশ্বসাহিত্য কেন্দ্র প্রকাশনা ;
|v ৬৬৩
|
| 500 |
|
|
|a প্রথম প্রকাশ.
|
| 504 |
|
|
|a গ্রন্থপঞ্জিগত নির্দেশিকা অন্তর্ভুক্ত।
|
| 526 |
|
|
|a AAL, RS
|
| 541 |
|
|
|a Bishwo Shahitto Kendro
|e 42184
|
| 650 |
|
|
|a Social work with women
|z Bangladesh.
|9 56011
|
| 650 |
|
|
|a Women
|x Services for
|z Bangladesh.
|9 56012
|
| 650 |
|
|
|a Women
|z Bangladesh.
|x Social conditions.
|9 56013
|
| 700 |
|
|
|a রহমান, আকিমুন.
|9 54481
|
| 700 |
|
|
|a সায়ীদ, আবদুল্লাহ আবু.
|
| 852 |
|
|
|a Ayesha Abed Library
|
| 942 |
|
|
|2 ddc
|c BK
|
| 999 |
|
|
|c 46382
|d 46382
|
| 952 |
|
|
|0 0
|1 0
|2 ddc
|4 0
|6 305_420954920000000_BAN
|7 1
|9 75092
|a SCL
|b SCL
|c REF
|d 2024-01-31
|e Bishwo Shahitto Kendra
|g 390.00
|l 0
|o 305.42095492 BAN
|p 3020042238
|r 2024-01-31
|t 2
|v 780.00
|w 2024-01-31
|y BK
|
| 952 |
|
|
|0 0
|1 0
|2 ddc
|4 0
|6 305_420954920000000_BAN
|7 1
|9 75093
|a BRACUL
|b BRACUL
|c REF
|d 2024-01-31
|e Bishwo Shahitto Kendra
|g 390.00
|l 0
|o 305.42095492 BAN
|p 3010042184
|r 2024-01-31
|t 1
|v 780.00
|w 2024-01-31
|y BK
|